000 00663cam a22002413a 4500
001 16076
003 PGUSA
005 20140828083338.0
008 050616s2005||||xxu|||||s|||||000 | eng d
040 _aPGUSA
_beng
042 _adc
050 4 _aBV
100 1 _aFitch, Albert Parker,
_d1877-1944
245 1 0 _aPreaching and Paganism
_h[electronic resource] /
_cAlbert Parker Fitch
260 _bProject Gutenberg,
_c2005
506 _aPublic domain in the USA.
516 _aElectronic text
653 _aPreaching
653 _aPastoral theology
830 0 _aProject Gutenberg
_v16076
856 4 0 _uhttp://www.gutenberg.org/ebooks/16076
942 _cEB
999 _c245331
_d245331